000 01943nam a22002897a 4500
001 1335
005 20230818131150.0
008 230817b cb ||||| |||| 00| 0 khr d
020 _q9789924340010
040 _aFISKH
_beng
_cFISKH
_dFISKH
082 _a959.6
100 _aSivngim, Ngoun
245 _aកំពូលអ្នកផ្សងព្រេងក្នុងទីក្រុង /
_cនិពន្ធដោយ ងួន ស៊ីវងីម - គូររូបដោយ ឃុន សុវណ្ណរិទ្ធិ
250 _aបោះពុម្ពលើកទី ៤ ខែវិច្ឆិកា ឆ្នាំ ២០២១
260 _aPhnom Penh :
_bSipar,
_c2021.
300 _a40 pages :
_bcolor illustrations ;
_c24 cm
490 _aខ្ញុំចង់អាន
505 _aP
520 _aផុតភ្ជុំដល់ពេលបុណ្យអ៊ុំទូក។ ដូចរាល់ឆ្នាំ​តា​នាំចន្ទនិងទិត្យមកភ្នំពេញដើម្បីអបអរការប្រណាំងទូក តែបើមានមនុស្សច្រើនបែបនេះប្រាកដជាមានអ្នកវង្វេងមិនខាន ហើយមុំក៏ជាអ្នកដែលវង្វេងនោះឯង។
_u
520 _aPchum Ben days were finished, the Water Festival is starting. Like every year, grandpa brings Chan and Tith to Phnom Penh to celebrate the boat race, but if there are so many people like this, there will be people who get lost and Mom is the one who gets lost.
521 _a650
_bLexile estimate
521 _aP
_bRaz-Plus
650 _aបុណ្យអ៊ុំទូក
_vប្រារព្ធ
_xវង្វេង
650 _aWater Festival
_vCelebrate
_xGet lost
700 _aSovannrith, Khun
_cillustrator
942 _2ddc
_cBK
_n0
999 _c1335
_d1335